Регионална библиотека "Любен Каравелов" - Русе

Целебната сила на маслата (Запис номер 197720)

MARC детайли
000 -Лидер
Контролно поле с фиксирана дължина 02043nam a2200469 a 4500
003 - Код на организацията, давaща контролен номер
Контролно поле BLK
005 - Дата и час на последна редакция
Контролно поле 20250728112006.0
008 - Елементи от данни с фиксирана дължина
fixed length control field 180411b bul|||||r ||||||| ||bul||
010 ## - Наследен системен номер
LC control number KNG00207004000
020 ## - Международен стандартен номер на книга ISBN
Международен стандартен номер на книга ISBN 978-954-345-118-0
040 ## - Източник на каталожния запис
Идентификатор на билиотеката - собственик на записа BLK
041 ## - Код за език
Код за езика на текст/звукозапис или на отделно заглавие Български
Код за езика КДБФ Български
072 #7 - Код за тематичната категория
Код организация bullib
Код за тематична категория Н61
Текст Медицина Н
080 ## - УДК
Текстов определител УДК Лекарствени средства от растителен произход. Подразделя се със знак за отношение :582; :633/635; :665.3
УДК код - определител по УДК 615.322
УДК определител (035)
УДК - код + определител 615.322(035)
080 ## - УДК
Текстов определител УДК Етеричномаслени растения. Ароматни, оцветителни, дъбилни, лекарствени растения
УДК код - определител по УДК 633.8
УДК определител .004(035)
УДК - код + определител 633.8.004(035)
100 1# - Редна дума - Автор
Автор Драгостинова, Християна
Авторска отговорност първи автор
Автор - информация (биография) Тодорова, Християна Драгостинова
R(LIN) 297016
139 ## - Редно поле
Редна дума Драгостинова, Християна
Авторски знак Драго - Д 86
245 10 - Сведения за заглавието
Заглавие Целебната сила на маслата
Редно поле (дума) Християна Драгостинова.
257 ## - Страна на издаване
Страна на създаване/издаване България
260 ## - Област на издателските данни
Име на издателя, разпространителя и проч. Распер
Година на издаване 2017
300 ## - Физическа характеристика
Страници 128 с.
Размери/Мащаб 21 см
380 ## - Жанр
Жанр Медицина
650 #4 - Допълнително описание по предмет – тема
Основно описание – тема или топоним Растителни масла - приложение
9 (RLIN) 270839
650 #4 - Допълнително описание по предмет – тема
Основно описание – тема или топоним Маслодайни култури - лечебни свойства
9 (RLIN) 266199
650 #4 - Допълнително описание по предмет – тема
Основно описание – тема или топоним Етерични масла - приложение
9 (RLIN) 243514
650 #4 - Допълнително описание по предмет – тема
Основно описание – тема или топоним Ароматотерапия
9 (RLIN) 147397
653 ## - Ключова дума – ненормативна
Ключова дума маслотерапия
653 ## - Ключова дума – ненормативна
Ключова дума растителни масла
653 ## - Ключова дума – ненормативна
Ключова дума маслодайни растения
653 ## - Ключова дума – ненормативна
Ключова дума етерични масла
653 ## - Ключова дума – ненормативна
Ключова дума ароматерапия
653 ## - Ключова дума – ненормативна
Ключова дума ръководства
659 ## - Тематичен бюлетин
Тематичен бюлетин Н
852 ## - Местоположение
Форматна сигнатура Цб 290324
856 4# - Електронен адрес и достъп
Електронен формат pdf - файл
856 4# - Електронен адрес и достъп
Електронен формат pdf - файл
999 ## - СИСТЕМНИ КОНТРОЛНИ НОМЕРА
Koha biblionumber 197720
Koha biblioitemnumber 197720
942 ## - АРТИКУЛИ
Вид на библиотечния материал Книги
Скрит в OPAC Не
Koha issues (borrowed), all copies 8
944 ## - СЪЗДАВАНЕ И РЕДАКЦИЯ на ЗАПИСА
Създаване/Редакция Създаване
Дата на регистрацията/редакция 26.05.2017
Статус, дата на статуса Цветелина Шанова
Служител, извършил регистрацията/редакцията 30531
944 ## - СЪЗДАВАНЕ И РЕДАКЦИЯ на ЗАПИСА
Създаване/Редакция Редакция
Дата на регистрацията/редакция 14.06.2017
Статус, дата на статуса ф /
Служител, извършил регистрацията/редакцията Людмила_Стоянова
999 ## - СИСТЕМНИ КОНТРОЛНИ НОМЕРА
Koha biblioitemnumber 197720
999 ## - СИСТЕМНИ КОНТРОЛНИ НОМЕРА
Koha biblioitemnumber 197720
Наличности
Код за отписване Код за изгубен артикул Източник на класификационната схема Код за повреда Коз за рестрикции Код за отдаване Артикулен № Име на библиотеката - собственик Име на библиотеката, в която се намира в момента Статус (Текущо местоположение) Дата на вписване в системата Местоположение - отдел Цена в лева Инвентарен номер Систематично азбучна сигнатура Баркод Номер на екземпляра Цена в евро Служебна бележка Служебен тип на артикула
  Не е изгубен Universal Decimal Classification Не е повреден без рестрикции заемане за дома 344148 Регионална библиотека "Любен Каравелов" Русе Регионална библиотека "Любен Каравелов" Русе Заемна - подръчен фонд 2017-05-26 Заемна - подръчен фонд 10.00 120000811355 П 615.3/Д 86 120000811355 1 5.11 Дост: Pk Вид: Ф N: 490 Дата: 26.05.2017 Дата инв: 05.02.2018 Бележки инв: П2018 Книги
  Не е изгубен Universal Decimal Classification Не е повреден без рестрикции ползва се в читалня 680510 Регионална библиотека "Любен Каравелов" Русе Регионална библиотека "Любен Каравелов" Русе Хранилище 2018-09-19 Хранилище 10.00 120000823441 Цб 290324 120000823441   5.11   Книги
Vip Innovations Ltd, Rousse, Bulgaria 2025